000 00547nam a2200193Ia 4500
005 20250508164701.0
008 008 250505s9999 xx 000 0 hin d
037 _aTextual
040 _aFEDL
_beng
_cFEDL
041 _ahin
_2eng
084 _a954, BAN
_qFEDL
100 _aBandyopadhyay Sekhar
245 0 _aPlassey se vibhajan tak: Aadhunik bharat ka itihas
260 _aNew Delhi, India
_bOrient Longman Ltd.
_c2007
300 _axviii,566p.
365 _aINR
_b210
942 _cTEXL
_h954, BAN
999 _c1390539
_d1390539